Riendo y Llorando - Abraham Mateo - Estadísticas

Estadísticas generales
  • Esta prueba ha sido intentada 25 veces
  • La puntuación promedio es 272 de 294
Estadísticas de respuestas
Letra % Correcto
a
100%
Acordándome
100%
Ahogando
100%
año
100%
bar
100%
barra
100%
bien
100%
círculo
100%
con
100%
cualquier
100%
de
100%
De
100%
del
100%
día
100%
dio
100%
él
100%
el
100%
en
100%
está
100%
estaré
100%
fin
100%
findes
100%
hielo
100%
la
100%
llegar
100%
llorando
100%
lloro
100%
los
100%
Maldito
100%
más
100%
me
100%
mes
100%
mi
100%
miedo
100%
momento
100%
pa
100%
Pa
100%
Pero
100%
pero
100%
por
100%
Pregúntame
100%
pregúntame
100%
que
100%
Que
100%
recuerdo
100%
recuerdos
100%
Riendo
100%
100%
se
100%
Sentado
100%
si
100%
Sigo
100%
Sin
100%
solo
100%
te
100%
Te
100%
ti
100%
tirando
100%
to
100%
tu
100%
100%
Últimamente
100%
vaso
100%
veo
100%
ver
100%
vi
100%
Viernes
100%
Y
100%
y
100%
yo
100%
aquí
75%
bresh
75%
cara
75%
celoso
75%
comiéndote
75%
da
75%
dormir
75%
enfoque
75%
Espero
75%
estás
75%
estoy
75%
insomnio
75%
joker
75%
Muertito
75%
no
75%
No
75%
note
75%
pegarte
75%
pierdo
75%
poder
75%
sabiendo
75%
síndrome
75%
tengo
75%
tomo
75%
toque
75%
un
75%
Zzzquil
75%
bebiendo
50%
cora
50%
currando
50%
eso
50%
guapa
50%
hasta
50%
mata
50%
para
50%
Porque
50%
puedo
50%
salgo
50%
Siempre
50%
siempre
50%
tela
50%
viaje
50%
esos
25%
moverme
25%
No se encontraron pruebas coincidentes
Distribución de puntuación
Porcentaje de gente con cada puntuación
Porcentaje por número respondido
Historial de tus puntuaciones
No has intentado esta prueba.